00821nam a22002295i 4500001000700000003000900007005001700016008004100033080002200074100002800096245012300124250001200247260003200259300002100291490003100312500002700343500009100370500003800461650002000499830003100519852004100550176552ES-MaACL20250823102208.0110121s1923 sp a |||| | spa d a821.134.2-293"19"1 aRamos Martín, José.14aLos gavilanes b: zarzuela en tres actos , divididos en cinco cuadros, en prosa / coriginal de José Ramos Martín. a2ª ed. aMadrid : b[s. n., c1923?] a61 p. ; c17 cm.1 aBiblioteca teatral ; v136 aAnteportada ilustrada. aEn port. : Estrenada en el teatro de la Zarzuela, la noche del 7 de diciembre de 1923. aEncuadernado con otros títulos.07aZarzuela2embne0 aBiblioteca teatral ; v136 aES-MaACLjE-14124 (136) xOlim P-302